Reviews of national science and technology policy. (Record no. 542223)
[ view plain ]
| 000 -LEADER | |
|---|---|
| fixed length control field | 00672cam a2200157 a 4500 |
| 020 ## - INTERNATIONAL STANDARD BOOK NUMBER | |
| International Standard Book Number | 9264129553 (pbk.) |
| 082 0# - DEWEY DECIMAL CLASSIFICATION NUMBER | |
| Classification number | 338.9492/06 |
| Author Mark | ORG |
| -- | MCE, L-30, P-177 |
| 245 00 - TITLE STATEMENT | |
| Title | Reviews of national science and technology policy. |
| 260 ## - PUBLICATION, DISTRIBUTION, ETC. | |
| Place of publication, distribution, etc. | Paris : |
| Name of publisher, distributor, etc. | Organisation for Economic Co-operation and Development ; |
| Place of publication, distribution, etc. | Washington, D.C. : |
| Name of publisher, distributor, etc. | OECD Publications and Information Centre [distributor], |
| Date of publication, distribution, etc. | 1987. |
| 300 ## - PHYSICAL DESCRIPTION | |
| Extent | 141 p. ; |
| Dimensions | 23 cm. |
| 526 ## - STUDY PROGRAM INFORMATION NOTE | |
| Program name | 0 |
| Interest level | 0 |
| Reading level | 0 |
| Title point value | 338_949206000000000_ORG |
| 650 #0 - SUBJECT ADDED ENTRY--TOPICAL TERM | |
| Topical term or geographic name entry element | Science and state |
| Geographic subdivision | Netherlands. |
| 9 (RLIN) | 37325 |
| 650 #0 - SUBJECT ADDED ENTRY--TOPICAL TERM | |
| Topical term or geographic name entry element | Technology and state |
| Geographic subdivision | Netherlands. |
| 9 (RLIN) | 37326 |
| 710 2# - ADDED ENTRY--CORPORATE NAME | |
| Corporate name or jurisdiction name as entry element | Organisation for Economic Co-operation and Development. |
| 9 (RLIN) | 2909 |
| 942 ## - ADDED ENTRY ELEMENTS (KOHA) | |
| Source of classification or shelving scheme | |
| Koha item type | Book |
| Withdrawn status | Lost status | Source of classification or shelving scheme | Damaged status | Not for loan | Permanent Location | Current Location | Date acquired | Total Checkouts | Full call number | Barcode | Date last seen | Copy number | Price effective from | Koha item type |
|---|---|---|---|---|---|---|---|---|---|---|---|---|---|---|
| Military College of Engineering (MCE) | Military College of Engineering (MCE) | 09/26/2013 | 338.9492/06 ORG | MCE-24982 | 09/26/2013 | 1 | 09/26/2013 | Book |
